[Event "57th Biel Master Open"]
[Site "Biel SUI"]
[Date "2024.07.19"]
[Round "5.55"]
[White "Liu, Kimberly"]
[Black "Tarini, Goyal"]
[Result "0-1"]
[WhiteTitle "WFM"]
[BlackTitle "WIM"]
[WhiteElo "1941"]
[BlackElo "2079"]
[WhiteFideId "30920604"]
[BlackFideId "5082749"]
[EventDate "2024.07.15"]

1. e4 c6 2. d4 d5 3. e5 c5 4. Nf3 Nc6 5. dxc5 Bg4 6. c3 e6 7. Be3 a6 8. Bd4 Nge7
9. h3 Bxf3 10. Qxf3 Nf5 11. Qd3 Nfxd4 12. cxd4 f6 13. Be2 fxe5 14. O-O Nxd4 15.
Nd2 Bxc5 16. Rac1 Bb6 17. Bh5+ g6 18. Bxg6+ hxg6 19. Qxg6+ Kd7 20. Qg7+ Qe7 21.
Qxe5 Rhg8 22. Kh1 Qg5 23. Qxg5 Rxg5 24. Nb3 Nxb3 25. axb3 Rc8 26. Rc3 d4 27. Rd1
Rxc3 28. bxc3 e5 29. g4 Kc6 30. cxd4 e4 31. Kg2 Kd5 32. Kg3 Bxd4 33. f4 exf3 34.
Kxf3 Rg7 35. h4 Rf7+ 36. Kg3 Ke4 37. h5 Bf2+ 38. Kh3 Be3 39. Kh4 Rf2 40. g5 Rh2+
41. Kg4 Rg2+ 42. Kh4 Bxg5+ 43. Kh3 Rd2 44. Rf1 Bf4 45. Rh1 Ke5 0-1

[Event "57th Biel Master Open"]
[Site "Biel SUI"]
[Date "2024.07.19"]
[Round "5.56"]
[White "Udipi, Kala Kishan"]
[Black "Pouly, Ivan"]
[Result "0-1"]
[WhiteElo "2065"]
[BlackElo "1958"]
[WhiteFideId "134178753"]
[BlackFideId "1360140"]
[EventDate "2024.07.15"]

1. d4 d5 2. c3 Nf6 3. Nf3 c6 4. Bf4 Bf5 5. Qb3 Qb6 6. Nbd2 Nbd7 7. e3 h6 8. c4
g5 9. Bg3 Bg7 10. Qa3 Nh5 11. c5 Qd8 12. Bd3 Nxg3 13. hxg3 Bxd3 14. Qxd3 e5 15.
Ng1 O-O 16. Ne2 Re8 17. O-O exd4 18. exd4 Qf6 19. Rfe1 Re7 20. Nf1 Rae8 21. Ne3
Re4 22. a4 Nf8 23. Rad1 h5 24. Nf5 Qxf5 25. f3 Bxd4+ 26. Kh2 R4e5 27. Qxf5 Rxf5
28. Nxd4 Rfe5 29. Rxe5 Rxe5 30. a5 a6 31. Kg1 Ne6 32. Nxe6 Rxe6 33. Rd4 Kg7 34.
Rb4 Re7 35. f4 f6 36. Kf2 Kg6 37. Kf3 Kf5 38. Kf2 Kg4 39. fxg5+ Kxg5 40. Kf3 Kf5
41. Rh4 Ke5 42. Ke3 Rg7 43. Rxh5+ f5 44. Rh3 Rg4 45. Kd3 Rb4 46. Rh5 Rb3+ 47.
Kc2 Rxg3 48. Rh7 Rxg2+ 49. Kc1 Kd4 50. Rxb7 Kxc5 51. b4+ Kc4 52. Rb6 Rg6 53. Kd2
d4 54. Rxa6 Kxb4 55. Kd3 Kc5 56. Ra8 Rg3+ 57. Kd2 Ra3 58. a6 Kb6 59. Rd8 c5 60.
Rb8+ Ka7 61. Rc8 Rc3 62. Rc6 f4 63. Kd1 f3 64. Kd2 f2 65. Ke2 Rc2+ 66. Kf1 d3
67. Rd6 c4 68. Kg2 d2 69. Kf1 c3 70. Ke2 Rc1 0-1

[Event "57th Biel Master Open"]
[Site "Biel SUI"]
[Date "2024.07.19"]
[Round "5.58"]
[White "Saine, Zachary"]
[Black "Malli, Shiivesh Sunil"]
[Result "1-0"]
[WhiteElo "2058"]
[BlackElo "1916"]
[WhiteFideId "2624346"]
[BlackFideId "1340409"]
[EventDate "2024.07.15"]

1. e4 d5 2. exd5 Nf6 3. Nc3 Nxd5 4. Bc4 e6 5. Nf3 Be7 6. O-O O-O 7. Re1 Nxc3 8.
bxc3 b6 9. Ne5 Bb7 10. d4 c5 11. Qg4 Bf6 12. Nxf7 Rxf7 13. Qxe6 Nd7 14. Qxf7+
Kh8 15. Bb5 1-0

[Event "57th Biel Master Open"]
[Site "Biel SUI"]
[Date "2024.07.19"]
[Round "5.59"]
[White "Matsumura, Cocoro"]
[Black "Cordes, Jule"]
[Result "1/2-1/2"]
[WhiteElo "2022"]
[BlackElo "1900"]
[WhiteFideId "36087114"]
[BlackFideId "1060708"]
[EventDate "2024.07.15"]

1. e4 e6 2. d4 d5 3. e5 c5 4. c3 Nc6 5. Nf3 Nh6 6. Bxh6 gxh6 7. Bd3 Qb6 8. Qd2
Bd7 9. dxc5 Qc7 10. Qf4 Bg7 11. Bb5 Nxe5 12. Bxd7+ Kxd7 13. O-O Raf8 14. Nxe5+
Bxe5 15. Qa4+ Qc6 16. Qxa7 Bc7 17. Qa3 Ra8 18. Qb4 Ra4 19. Qb3 Rg8 20. g3 h5 21.
Na3 h4 22. Qb5 h5 23. Rad1 Rag4 24. Rd4 f5 25. h3 Rxd4 26. cxd4 hxg3 27. f4 h4
28. Kg2 Qxb5 29. Nxb5 Bb8 30. b4 Bc7 31. a4 Ra8 32. a5 Kc6 33. Nc3 Kd7 34. Rf3
Ke7 35. Nb5 Kd7 36. Kf1 Kc6 37. Nc3 Kd7 38. Kg2 Rg8 39. Nb5 Ra8 40. Nxc7 Kxc7
41. Re3 Kd7 42. Kf1 Ra6 43. Ke1 Ra8 44. Re2 Rg8 45. Kf1 Ra8 46. Kg2 1/2-1/2

[Event "57th Biel Master Open"]
[Site "Biel SUI"]
[Date "2024.07.19"]
[Round "5.62"]
[White "Stevens, Christian FRA"]
[Black "Selinga, Jan"]
[Result "1-0"]
[WhiteElo "1955"]
[BlackElo "2023"]
[WhiteFideId "649090"]
[BlackFideId "14946084"]
[EventDate "2024.07.15"]

1. e4 e6 2. d4 d5 3. Nc3 Bb4 4. Ne2 c5 5. a3 Bxc3+ 6. Nxc3 dxe4 7. Bb5+ Nc6 8.
dxc5 Qxd1+ 9. Kxd1 f5 10. Be3 Nf6 11. Ke2 Kf7 12. Rhd1 e5 13. Bc4+ Kg6 14. g3 f4
15. gxf4 Bg4+ 16. Ke1 Bxd1 17. Rxd1 Rad8 18. Nd5 Nxd5 19. Bxd5 Kf5 20. fxe5 Kxe5
21. c4 a5 22. Bd2 Kf5 23. Bc3 a4 24. Bxg7 Rhe8 25. Bc3 Rb8 26. Ke2 Ne7 27. Ke3
Nxd5+ 28. Rxd5+ Kg4 29. Be5 Rbc8 30. Kxe4 Re7 31. f4 Rf8 32. Kd4 Rf5 33. Kc3 Rh5
34. Rd2 Re8 35. Kb4 Ra8 36. Rg2+ Kf5 37. Rg7 Ra7 38. c6 Rh6 39. Rxb7 Rxb7+ 40.
cxb7 Rb6+ 41. Kxa4 Rxb7 42. b4 Ke6 43. b5 Kd7 44. Kb4 Kc8 45. c5 Rd7 46. c6 Rd1
47. b6 Rb1+ 48. Ka5 1-0

[Event "57th Biel Master Open"]
[Site "Biel SUI"]
[Date "2024.07.22"]
[Round "7.33"]
[White "Peycheva, Gergana"]
[Black "Woong, Zhi Wei William"]
[Result "1/2-1/2"]
[WhiteTitle "FM"]
[BlackTitle "CM"]
[WhiteElo "2261"]
[BlackElo "2139"]
[WhiteFideId "2916711"]
[BlackFideId "5804906"]
[EventDate "2024.07.15"]

1. d4 d5 2. c4 e6 3. Nc3 Nf6 4. cxd5 exd5 5. Bg5 c6 6. e3 Be7 7. Bd3 Nbd7 8. Qc2
h6 9. Bh4 Nh5 10. Bxe7 Qxe7 11. Nge2 Nb6 12. O-O-O Be6 13. Kb1 O-O-O 14. Rc1 Kb8
15. Na4 Nxa4 16. Qxa4 Rc8 17. Rc3 Rc7 18. Rhc1 Bd7 19. Ra3 b6 20. Qd1 Nf6 21.
Nc3 c5 22. dxc5 Rxc5 23. Qf3 Qe5 24. h3 g5 25. Qe2 Rd8 26. Rd1 Rc7 27. Rc1 Rc5
28. Rd1 Rc7 29. Rb3 Bc6 30. Bb5 Bb7 31. Rd4 Rdc8 32. Bd3 Nd7 33. Bc2 Nc5 34.
Rbb4 Ne6 35. Rd2 d4 36. exd4 Qxe2 37. Nxe2 Bxg2 38. Bf5 Rd8 39. Rb3 Bf1 40. Bxe6
fxe6 41. Re3 Rc6 42. a3 Bxe2 43. Rexe2 1/2-1/2

[Event "57th Biel Master Open"]
[Site "Biel SUI"]
[Date "2024.07.22"]
[Round "7.62"]
[White "Selinga, Jan"]
[Black "Tkhoruk, Roman"]
[Result "1-0"]
[WhiteElo "2023"]
[BlackElo "1965"]
[WhiteFideId "14946084"]
[BlackFideId "34161589"]
[EventDate "2024.07.15"]

1. d4 Nf6 2. c4 e6 3. Nc3 Bb4 4. Bd2 O-O 5. e3 c5 6. d5 exd5 7. cxd5 d6 8. Bd3
h6 9. Nge2 Nbd7 10. f4 Nb6 11. e4 Bg4 12. O-O Re8 13. Rf3 Bxf3 14. gxf3 Nfd7 15.
a3 Bxc3 16. Bxc3 Qe7 17. Bc2 Qh4 18. Kg2 f5 19. Qd3 c4 20. Qd4 Nf6 21. Rg1 fxe4
22. fxe4 Nbxd5 23. Bd2 Kh8 24. Kh1 Qh5 25. Rg2 1-0

[Event "57th Biel Master Open"]
[Site "Biel SUI"]
[Date "2024.07.23"]
[Round "8.11"]
[White "Chinguun, Sumiya"]
[Black "Moiseenko, Alexander"]
[Result "1/2-1/2"]
[WhiteTitle "FM"]
[BlackTitle "GM"]
[WhiteElo "2377"]
[BlackElo "2570"]
[WhiteFideId "4902572"]
[BlackFideId "14102560"]
[EventDate "2024.07.15"]

1. e4 c5 2. Nc3 e6 3. f4 d5 4. Nf3 Nc6 5. Bb5 Ne7 6. Ne5 Bd7 7. O-O Nxe5 8. fxe5
dxe4 9. Nxe4 Ng6 10. Qe2 Nxe5 11. Ng5 Qxg5 12. d4 Qe7 13. dxe5 O-O-O 14. a4 f5
15. Be3 Kb8 16. b4 cxb4 17. Qf2 a6 18. Ba7+ Ka8 19. Bb6 Bc8 20. Bxd8 Qxd8 21.
Be2 Qc7 22. Qf4 h6 23. Kh1 Be7 24. Rfe1 Kb8 25. Qg3 g5 26. Qb3 Rd8 27. Rac1 g4
28. Bf1 Bg5 29. Rb1 Bd2 30. Red1 Qxe5 31. Bxa6 Rd4 32. Bf1 Bc3 33. Rxd4 Qxd4 34.
a5 h5 35. Qa4 h4 36. Qe8 Qf2 37. Qd8 Bd4 38. Ba6 Qxc2 39. Qd6+ Ka8 40. Qxb4 Qe4
41. Bf1 1/2-1/2

[Event "57th Biel Master Open"]
[Site "Biel SUI"]
[Date "2024.07.23"]
[Round "8.18"]
[White "Balabayeva, Xeniya"]
[Black "Saraci, Nderim"]
[Result "1/2-1/2"]
[WhiteTitle "WIM"]
[BlackTitle "IM"]
[WhiteElo "2210"]
[BlackElo "2447"]
[WhiteFideId "13719688"]
[BlackFideId "6351921"]
[EventDate "2024.07.15"]

1. e4 c5 2. Nf3 Nc6 3. Bb5 g6 4. O-O Bg7 5. c3 Nf6 6. Re1 O-O 7. d4 cxd4 8. cxd4
d5 9. e5 Ne4 10. Bxc6 bxc6 11. Be3 f6 12. Qc1 fxe5 13. Nxe5 c5 14. f3 cxd4 15.
Bxd4 Qd6 16. Nc6 Bb7 17. fxe4 Bxc6 18. e5 Qb4 19. Rd1 Bd7 20. Qe3 Bg4 21. Rd2
Qb7 22. Nc3 e6 23. h3 Bf5 24. g4 Be4 25. Nxe4 dxe4 26. Re1 Qa6 27. Bc5 Rfd8 28.
Qxe4 Rac8 29. Bd6 Qxa2 30. Qb7 Qa5 31. Ree2 Rc1+ 32. Kg2 Qb6 33. Qxb6 axb6 34.
b4 Bf8 35. Bxf8 Rxf8 36. Rd6 b5 37. Rxe6 Rb1 38. Rb6 Rxb4 39. e6 Re8 40. Rb7 Rd4
41. Rc2 Re4 42. Rcc7 R8xe6 43. Rg7+ Kf8 44. Rxh7 Re7 45. Rb8+ Re8 46. Rxb5 R4e7
47. Rb7 Rxh7 48. Rxh7 Re3 49. Ra7 Kg8 50. h4 Rb3 51. g5 Rc3 52. Ra4 Kg7 53. Rf4
Re3 54. Rf3 Re4 55. Kg3 Kg8 56. Rf4 Re1 57. Rd4 Rf1 58. Rd7 Kf8 59. Rd3 Kg7 60.
Rf3 Rh1 61. Rf2 Kg8 62. Kf4 Rxh4+ 63. Ke5 Ra4 64. Rd2 Ra1 65. Kf6 1/2-1/2

[Event "57th Biel Master Open"]
[Site "Biel SUI"]
[Date "2024.07.23"]
[Round "8.31"]
[White "Emmenecker, Pierre-Antoine"]
[Black "Schnell, Simon"]
[Result "1/2-1/2"]
[WhiteElo "2318"]
[BlackElo "2141"]
[WhiteFideId "36031321"]
[BlackFideId "1345311"]
[EventDate "2024.07.15"]

1. e4 c6 2. Nf3 d5 3. d3 g6 4. e5 Bg7 5. d4 f6 6. c4 Bg4 7. cxd5 fxe5 8. Qb3
Bxf3 9. gxf3 Qb6 10. Bh3 Qxb3 11. axb3 Nd7 12. dxc6 bxc6 13. dxe5 Nxe5 14. Ke2
Nf6 15. Rd1 Rf8 16. f4 Ned7 17. Nc3 Nb6 18. Bg2 Nfd5 19. Nxd5 Nxd5 20. Bxd5 cxd5
21. Rxd5 Rf5 22. Rxf5 gxf5 23. Ra5 Rb8 24. Rxf5 Rxb3 25. Ra5 Bxb2 26. Be3 Bf6
27. Rxa7 Rb1 28. Ra5 Kf7 29. Rh5 Kg6 30. Rh3 Rb5 31. Kf3 Ra5 32. Kg4 e6 33. Rg3
Rb5 34. Kf3+ Kf7 35. Rg1 Rh5 36. Kg2 Rb5 37. Rc1 Kg6 38. Rc6 Kf5 39. Kf3 Ra5 40.
Rc7 h5 41. Rc8 Rb5 42. Kg2 Ra5 43. Bd2 Rd5 44. Bc1 Rb5 45. Ra8 Rd5 46. Be3 Rb5
47. Rf8 Kg6 48. Rg8+ Kf5 49. Bd4 Rb4 50. Bxf6 Kxf6 51. Rg5 Rxf4 52. Rxh5 Kg6 53.
Re5 Kf6 54. Re3 Ra4 55. Rf3+ Kg5 56. Rg3+ Kf5 57. Rg8 Rb4 58. Rf8+ Kg5 59. Kg3
Rg4+ 60. Kf3 Ra4 61. Rg8+ Kf5 62. h3 Ra3+ 63. Kg2 Ra4 64. Rb8 Rc4 65. Kg3 Rc3+
66. Kh4 Kg6 67. Rg8+ Kf6 68. Rf8+ Kg6 69. Kg4 Rc4+ 70. Rf4 Rc1 71. Rf3 Rc4+ 72.
Kg3 Kg5 73. Ra3 Rb4 74. Ra5+ Kg6 75. h4 Rb3+ 76. Kg4 Rb4+ 77. Kg3 Rb3+ 78. f3
Rb1 79. Rg5+ Kf6 80. Rc5 Ra1 81. Rc2 Kf5 82. Rh2 Rg1+ 83. Rg2 Rh1 84. Rh2 Rg1+
85. Kf2 Ra1 86. Rg2 Rh1 87. Rg4 Ra1 88. Kg2 Ra2+ 89. Kg3 Ra1 90. Kh2 Rf1 91.
Rg5+ Kf4 92. Rg3 Rf2+ 93. Kh3 Ra2 94. h5 Ra1 95. Kh2 Ra2+ 96. Kh3 Ra1 97. Kh2
Ra2+ 98. Rg2 Ra5 99. h6 Ke5 1/2-1/2

[Event "57th Biel Master Open"]
[Site "Biel SUI"]
[Date "2024.07.23"]
[Round "8.34"]
[White "Arsenie, Cristian Marc"]
[Black "Peycheva, Gergana"]
[Result "1/2-1/2"]
[BlackTitle "FM"]
[WhiteElo "2131"]
[BlackElo "2261"]
[WhiteFideId "1345923"]
[BlackFideId "2916711"]
[EventDate "2024.07.15"]

1. e4 c6 2. Nc3 d5 3. Nf3 dxe4 4. Nxe4 Nf6 5. Qe2 Nxe4 6. Qxe4 Nd7 7. d4 Nf6 8.
Qd3 g6 9. Be2 Bf5 10. Qb3 Qb6 11. c3 Nd5 12. O-O a5 13. c4 a4 14. Qxb6 Nxb6 15.
Be3 Bg7 16. d5 Nc8 17. dxc6 bxc6 18. Bd4 O-O 19. Bxg7 Kxg7 20. Nd4 c5 21. Nxf5+
gxf5 22. Bf3 Rb8 23. Rfd1 Rxb2 24. Rd5 Nd6 25. Rxc5 Rfb8 26. g3 R8b4 27. Rc1
Rxa2 28. Rc7 Rab2 29. c5 Ne4 30. Bxe4 fxe4 31. c6 a3 32. Ra7 Rb1 33. Rxb1 Rxb1+
34. Kg2 Rc1 35. Rxa3 Rxc6 36. g4 Rc4 37. Kg3 e6 38. h3 Kf6 39. Kf4 Rd4 40. Ra5
e5+ 41. Kg3 Rd3+ 42. Kg2 e3 43. f4 Rd2+ 44. Kg3 exf4+ 45. Kxf4 Rh2 46. Kxe3
Rxh3+ 47. Kf4 Rb3 48. Ra6+ Kg7 49. g5 Rb1 50. Rc6 Rf1+ 51. Kg4 Re1 52. Kf5 Re6
53. Rc8 Ra6 54. Rb8 Rg6 55. Ra8 h6 56. gxh6+ Rxh6 57. Ra7 Rh5+ 58. Kg4 Rb5 59.
Kf4 Kg6 60. Ra6+ f6 61. Ra4 Rf5+ 62. Kg4 Rg5+ 63. Kf4 Rh5 64. Ra6 Rh4+ 65. Kg3
Rb4 66. Ra5 Rb1 67. Rc5 Rg1+ 68. Kf3 Ra1 69. Rb5 Ra4 70. Rc5 Ra3+ 71. Kg4 Ra1
72. Kf3 Rf1+ 73. Kg3 f5 74. Rc8 Ra1 75. Rb8 Ra4 76. Kf3 Kf6 77. Rc8 Ra1 78. Rb8
Rf1+ 79. Kg3 Ke6 80. Re8+ Kd5 81. Rd8+ Ke6 82. Re8+ Kf7 83. Ra8 Kf6 84. Rf8+ Ke5 1/2-1/2

[Event "57th Biel Master Open"]
[Site "Biel SUI"]
[Date "2024.07.23"]
[Round "8.36"]
[White "Kwiatkowski, Jakub"]
[Black "Song, Ethan"]
[Result "0-1"]
[BlackTitle "CM"]
[WhiteElo "2031"]
[BlackElo "2244"]
[WhiteFideId "1348736"]
[BlackFideId "62900412"]
[EventDate "2024.07.15"]

1. e4 e5 2. Nf3 Nc6 3. Bc4 Bc5 4. c3 Nf6 5. d4 exd4 6. e5 d5 7. Bb5 Ne4 8. cxd4
Bb6 9. Nc3 O-O 10. Be3 Bg4 11. h3 Bh5 12. Qc2 Bg6 13. Qb3 Ne7 14. O-O c6 15. Bd3
Nd2 16. Nxd2 Bxd3 17. Rfe1 Bg6 18. Na4 Nf5 19. Nf3 Ba5 20. Re2 Rb8 21. Rd1 Nh4
22. Nxh4 Qxh4 23. Bd2 Bc7 24. Nc5 Rfe8 25. Qe3 f6 26. Qf4 Qh5 27. Rde1 Re7 28.
Qg4 fxe5 29. Qxh5 Bxh5 30. g4 Bg6 31. Bg5 Ree8 32. dxe5 Ba5 33. Rd1 Bb4 34. Be3
d4 35. Bxd4 Rbd8 36. Nb3 c5 37. a3 Bf7 38. e6 Rxe6 39. Nc1 Rxe2 40. Nxe2 Bb3 41.
Ra1 cxd4 42. axb4 d3 43. Nc1 d2 44. Nxb3 d1=Q+ 45. Rxd1 Rxd1+ 46. Kg2 Rb1 47.
Na5 Rxb2 48. Nxb7 Rxb4 0-1

[Event "57th Biel Master Open"]
[Site "Biel SUI"]
[Date "2024.07.23"]
[Round "8.50"]
[White "Udipi, Kala Kishan"]
[Black "Asllani, Dorian"]
[Result "1/2-1/2"]
[WhiteElo "2065"]
[BlackElo "2159"]
[WhiteFideId "134178753"]
[BlackFideId "1341332"]
[EventDate "2024.07.15"]

1. d4 d5 2. c4 e6 3. Nc3 Nf6 4. cxd5 exd5 5. Bg5 c6 6. e3 Be7 7. Bd3 Nbd7 8. Qc2
Nh5 9. Bxe7 Qxe7 10. Nge2 Nb6 11. O-O-O g6 12. Rdg1 Bd7 13. h3 O-O-O 14. g4 Ng7
15. Nf4 Kb8 16. h4 h5 17. g5 Qd6 18. Nce2 Rc8 19. Qc5 Qc7 20. Kb1 Rhe8 21. Rc1
Bg4 22. Qa5 Qd7 23. Ng3 Bf3 24. Rhg1 Ne6 25. Nxe6 Qxe6 26. Rc3 Rc7 27. Nf1 Be4
28. f4 Nc4 29. Qa4 Bxd3+ 30. Rxd3 Qh3 31. Qd1 Qxh4 32. Rg3 Qh1 33. Qf3 Qxf3 34.
Rxf3 Nd6 35. b4 Rce7 36. Kc2 Nf5 37. Kd2 h4 38. Nh2 Ng3 39. Ng4 Rh8 40. Ke1 Kc7
41. Rd2 a5 42. bxa5 Ra8 43. Ne5 Rxa5 44. Rh2 Nf5 45. Rd2 Rb5 46. Ke2 Ng3+ 47.
Kd3 Ra5 48. Rb2 Kd6 49. Rff2 Ke6 50. Rh2 Kf5 51. Rxh4 Ra3+ 52. Rb3 Rxa2 53. Kc3
Ne4+ 54. Kb4 Nd2 55. Rh2 Ke4 56. Rf2 Nxb3 57. Rxa2 Nc1 58. Ra3 Kf5 1/2-1/2

[Event "57th Biel Master Open"]
[Site "Biel SUI"]
[Date "2024.07.23"]
[Round "8.55"]
[White "Tellarini, Lorenzo"]
[Black "Pouly, Ivan"]
[Result "1-0"]
[WhiteElo "2002"]
[BlackElo "1958"]
[WhiteFideId "28548655"]
[BlackFideId "1360140"]
[EventDate "2024.07.15"]

1. e4 c6 2. d4 d5 3. e5 Bf5 4. Nc3 e6 5. g4 Bg6 6. Nge2 c5 7. h4 h6 8. Be3 Nc6
9. f4 cxd4 10. Nxd4 Nxd4 11. Qxd4 Ne7 12. Qb4 Qd7 13. Bc5 Nc6 14. Qa3 Bxc5 15.
Qxc5 Qe7 16. Qf2 a6 17. O-O-O Bh7 18. Bg2 O-O 19. Rhe1 Qb4 20. a3 Qa5 21. f5
Rac8 22. f6 Nb4 23. fxg7 Rfd8 24. Re2 Rxc3 25. bxc3 Qxa3+ 26. Kd2 Rc8 27. cxb4
Qc3+ 28. Kc1 Qa1+ 29. Kd2 Rxc2+ 30. Ke1 Rc1 31. Rd2 Qxe5+ 32. Kf1 Rc4 33. Rd4
Rc2 34. R4d2 Rc4 35. Re1 Qxg7 36. Bxd5 Rxb4 37. Bxe6 1-0

[Event "57th Biel Master Open"]
[Site "Biel SUI"]
[Date "2024.07.24"]
[Round "9.11"]
[White "Juksta, Karolis"]
[Black "Harsha, Bharathakoti"]
[Result "1/2-1/2"]
[WhiteTitle "IM"]
[BlackTitle "GM"]
[WhiteElo "2400"]
[BlackElo "2569"]
[WhiteFideId "12809039"]
[BlackFideId "5078776"]
[EventDate "2024.07.15"]

1. d4 Nf6 2. c4 e6 3. Nf3 d5 4. Nc3 c6 5. Qc2 dxc4 6. e4 b5 7. Be2 Be7 8. O-O
Bb7 9. Rb1 Nbd7 10. b3 cxb3 11. Rxb3 b4 12. e5 Nd5 13. Ne4 c5 14. dxc5 Rc8 15.
Bb5 a6 16. Ba4 Nb6 17. Rxb4 Nxa4 18. Qxa4 Bxe4 19. Rxe4 O-O 20. Be3 Nxc5 21.
Bxc5 Rxc5 22. Qxa6 Ra5 23. Qe2 Qa8 24. a4 Rxa4 25. Rxa4 Qxa4 26. Rd1 Rc8 27. g3
h6 28. h4 Rc3 29. Kg2 Qc6 30. Rd3 Rc2 31. Rd2 Rc4 32. Kh2 Rc1 33. Rd1 Rc2 34.
Rd2 Rc1 35. Kg2 g6 36. Rd4 Rc2 37. Rd2 Rc4 38. Kh2 Kg7 39. Nd4 Qc5 40. Rc2 Rxc2
41. Nxc2 h5 1/2-1/2

[Event "57th Biel Master Open"]
[Site "Biel SUI"]
[Date "2024.07.24"]
[Round "9.18"]
[White "Saraci, Nderim"]
[Black "Chinguun, Sumiya"]
[Result "1-0"]
[WhiteTitle "IM"]
[BlackTitle "FM"]
[WhiteElo "2447"]
[BlackElo "2377"]
[WhiteFideId "6351921"]
[BlackFideId "4902572"]
[EventDate "2024.07.15"]

1. d4 Nf6 2. c4 e6 3. Nc3 Bb4 4. e3 b6 5. Ne2 c5 6. a3 Ba5 7. Bd2 O-O 8. Ng3 Bb7
9. Bd3 cxd4 10. exd4 Bxc3 11. bxc3 h6 12. O-O Nc6 13. Re1 Na5 14. c5 Bd5 15. Bf4
bxc5 16. dxc5 Ne8 17. Be4 Nf6 18. Bd3 Nb7 19. c4 Bc6 20. Be3 Ne8 21. Be4 Qc7 22.
Rb1 f5 23. Bxc6 Qxc6 24. Ne2 Nf6 25. Nd4 Qc8 26. c6 dxc6 27. Nxe6 Qxe6 28. Rxb7
Qxc4 29. h3 Rf7 30. Rxf7 Qxf7 31. Qc2 Nd5 32. Qxc6 Re8 33. Bd2 Rxe1+ 34. Bxe1
Kh7 35. Bd2 Nb6 36. Be3 Qb3 37. Qc5 Qb1+ 38. Kh2 Qe4 39. Qa5 Nc4 40. Qxa7 f4 41.
Bd4 Qg6 42. Bc3 Nd6 43. Qd4 Nb5 44. Qc5 f3 45. gxf3 Nxc3 46. Qxc3 Qd6+ 47. Kh1
Qa6 48. Qc2+ Kh8 49. a4 Qa5 50. Qe4 Qd2 51. Kg2 Qg5+ 52. Qg4 Qa5 53. Qf4 Qa6 54.
Qf8+ Kh7 55. Qf5+ Kh8 56. a5 Kg8 57. Qd5+ Kh7 58. Qe5 Qg6+ 59. Kh2 Qa6 60. Qe4+
Kh8 61. Qe8+ Kh7 62. Qe5 Qa7 63. Kg1 Qa6 64. h4 Qg6+ 65. Kh2 Qa6 66. Qf5+ Kh8
67. Kg2 Kg8 68. h5 Kh8 69. Qe5 Qc6 70. Qb8+ Kh7 71. Qb6 Qd5 72. Qg6+ 1-0

[Event "57th Biel Master Open"]
[Site "Biel SUI"]
[Date "2024.07.24"]
[Round "9.27"]
[White "Haimovich, Tal"]
[Black "Smirnov, Mark"]
[Result "0-1"]
[WhiteTitle "IM"]
[BlackTitle "CM"]
[WhiteElo "2324"]
[BlackElo "2111"]
[WhiteFideId "2801698"]
[BlackFideId "13764594"]
[EventDate "2024.07.15"]

1. Nf3 d5 2. c4 e6 3. e3 Nf6 4. b3 Bd6 5. Bb2 O-O 6. d4 b6 7. Nbd2 Bb7 8. Bd3
Nbd7 9. O-O Ne4 10. Qc2 f5 11. Rac1 Rc8 12. Ne5 Nxe5 13. dxe5 Bc5 14. Nf3 f4 15.
cxd5 exd5 16. exf4 Rxf4 17. Nd4 Qe7 18. b4 Bxd4 19. Bxd4 Ng5 20. Qb2 Rcf8 21.
Be2 Ne6 22. Bc3 Rh4 23. g3 Re4 24. f3 Re3 25. Kf2 d4 26. Bxd4 Nxd4 27. Qxd4 Rxe5
28. Rfe1 Kh8 29. Qc3 Re8 30. Qc4 Re3 31. f4 Bf3 32. Rc2 b5 33. Qxb5 Ba8 34. Qc4
Qd6 35. Rc3 Qd2 36. Rxe3 Rxe3 37. Rd1 Rf3+ 38. Kg2 0-1

[Event "57th Biel Master Open"]
[Site "Biel SUI"]
[Date "2024.07.24"]
[Round "9.32"]
[White "Peycheva, Gergana"]
[Black "Gemelli, Romain"]
[Result "1/2-1/2"]
[WhiteTitle "FM"]
[WhiteElo "2261"]
[BlackElo "2120"]
[WhiteFideId "2916711"]
[BlackFideId "1336401"]
[EventDate "2024.07.15"]

1. d4 Nf6 2. c4 e6 3. Bf4 Bb4+ 4. Nd2 c5 5. dxc5 Bxc5 6. e3 Nc6 7. Rc1 b6 8. a3
Bb7 9. Ngf3 O-O 10. Bd3 h6 11. b4 Be7 12. h3 a5 13. b5 Nb8 14. a4 d6 15. Bc2
Nbd7 16. Nb3 e5 17. Bh2 Qc7 18. O-O Ne4 19. Qd3 f5 20. Nfd2 Nxd2 21. Nxd2 Nc5
22. Qe2 Qd7 23. Rfd1 Qe6 24. Nf1 g6 25. Nd2 Rfd8 26. e4 f4 27. f3 g5 28. Nb1 Kh8
29. Kf1 Rg8 30. Bg1 Nd7 31. Nc3 Rg7 32. Nd5 Bxd5 33. exd5 Qf6 34. Qe4 Rf8 35.
Ke2 h5 36. Bf2 h4 37. Kd2 Rc8 38. Qf5 Qxf5 39. Bxf5 Bd8 40. Bxd7 Rxd7 41. Kd3
Kg7 42. Be1 Kf6 43. Bc3 Kf5 44. Re1 Bc7 45. Re4 Re8 46. Kc2 Rde7 47. Rd1 Rd8 48.
Re2 Red7 49. Kb3 Re7 50. Rde1 Rde8 51. Re4 Rd8 52. Kc2 Rde8 53. Rb1 Ra8 54. Re2
Ree8 55. Kd3 Re7 56. Rd1 Rd7 57. Rde1 Re7 58. Kc2 Rd8 59. Rd1 Red7 60. Kb3 Re7
61. Re4 Red7 62. Rde1 Re7 1/2-1/2

[Event "57th Biel Master Open"]
[Site "Biel SUI"]
[Date "2024.07.24"]
[Round "9.33"]
[White "Schnell, Simon"]
[Black "Collin, Moritz Valentin"]
[Result "0-1"]
[BlackTitle "FM"]
[WhiteElo "2141"]
[BlackElo "2255"]
[WhiteFideId "1345311"]
[BlackFideId "1342932"]
[EventDate "2024.07.15"]

1. Nf3 Nf6 2. e3 e6 3. c4 b6 4. b3 Bb7 5. Bb2 Be7 6. Nc3 O-O 7. Be2 d5 8. cxd5
exd5 9. O-O c5 10. d4 Nbd7 11. Rc1 Rc8 12. Bd3 Re8 13. Ne2 Bf8 14. Ng3 Ne4 15.
Qe2 Nd6 16. Rfd1 c4 17. bxc4 dxc4 18. Bb1 Nf6 19. Ne5 b5 20. Nf5 Qa5 21. Nxd6
Bxd6 22. Bc3 b4 23. Be1 c3 24. f4 Ne4 25. Bd3 Qd5 26. Bc2 Qxa2 27. Ra1 Qd5 28.
Rdb1 Bxe5 29. fxe5 a5 30. Bb3 Qd8 31. Qb5 Bc6 32. Qc4 Kh8 33. d5 Bxd5 34. Qxd5
Qxd5 35. Bxd5 Rxe5 36. Bxe4 Rxe4 37. Rxa5 c2 38. Rc1 b3 39. Rb5 Rxe3 40. Kf2
Rce8 41. Ba5 h6 42. Bc7 Re2+ 43. Kg3 R8e3+ 44. Kh4 Re1 0-1

[Event "57th Biel Master Open"]
[Site "Biel SUI"]
[Date "2024.07.24"]
[Round "9.54"]
[White "Matsumura, Cocoro"]
[Black "Pinelli, Gian"]
[Result "1-0"]
[WhiteElo "2022"]
[BlackElo "1929"]
[WhiteFideId "36087114"]
[BlackFideId "1348710"]
[EventDate "2024.07.15"]

1. e4 c6 2. d4 d5 3. e5 c5 4. dxc5 e6 5. Bd3 Nd7 6. Nf3 Bxc5 7. a3 a5 8. O-O Ne7
9. c4 dxc4 10. Bxc4 O-O 11. Nc3 Ng6 12. Qe2 Qc7 13. Re1 Nb6 14. Bd3 Bd7 15. h4
Bc6 16. Ng5 h6 17. Nge4 Bd4 18. Bxh6 gxh6 19. Nf6+ Kg7 20. Nh5+ Kh7 21. Nf4 Nd7
22. h5 Nxe5 23. Be4 Bxe4 24. Qxe4 Qb6 25. Re2 Rad8 26. Rae1 Kg7 27. hxg6 fxg6
28. Rd1 Kf6 29. Nfd5+ Rxd5 30. Nxd5+ exd5 31. Qf4+ Kg7 32. Qxd4 Qxd4 33. Rxd4
Re8 34. Rxd5 1-0